100_ Personnalités nées un 10 avril par images - Statistiques

Statistiques générales
  • Ce quiz a été pris 43 fois
  • Le résultat moyen est 3 sur 9
Statistiques - réponses
Par images Hint Réponse % Correct
Acteur Guillaume Canet
88%
Chanteuse Barbara Pravi
64%
Footballeur Sadio Mané
62%
Chanteur Loïc Nottet
36%
Acteur Omar Sharif
29%
Première Dame Anne-Aymone Giscard d'Estaing
26%
Actrice Daisy Ridley
21%
Actrice Rebecca Marder
7%
Actrice Sofia Carson
5%
Aucun quiz correspondant
Distribution des résultats
% des personnes avec chaque résultat
Percentile par nombre de réponses
Votre historique - résultats
Vous n’avez pas pris ce quiz